| 000 | 00382pab a2200157 454500 | ||
|---|---|---|---|
| 008 | 180718b1996 xxu||||| |||| 00| 0 eng d | ||
| 100 | _aShanmugavelayutham, K. | ||
| 245 | _aDisabled Persons Act - a critical analysis | ||
| 260 | _c1996 | ||
| 300 | _ap.3-5 | ||
| 362 | _aAug | ||
| 650 | _aHandicapped | ||
| 650 | _aDisabled persons | ||
| 773 | _aSocial Welfare | ||
| 909 | _a32940 | ||
| 999 |
_c32940 _d32940 |
||